| Tag |
First Indicator |
Second Indicator |
Subfields |
| LEADER |
00000cam a22000001a 4500 |
| 001 |
in00002945113 |
| 005 |
20190401192910.0 |
| 006 |
m o d |
| 007 |
cr un mmmapmmp |
| 008 |
070203s1894 dcu o f000 0 eng d |
| 035 |
|
|
|a cis2004101087
|
| 040 |
|
|
|a UMI
|c UMI
|d UtOrBLW
|
| 043 |
|
|
|a n-us---
|
| 099 |
|
|
|a ProQuest Serial Set Number 3223 H.exdoc.81
|
| 110 |
1 |
|
|a United States.
|b Congress.
|b House.
|b Committee on Interstate and Foreign Commerce.
|
| 245 |
1 |
0 |
|a Bridge across the Hudson River. Message from the President of the United States, transmitting, without approval, the act authorizing the New York and New Jersey Bridge Companies to construct and maintain a bridge across the Hudson River between New York City and the State of New Jersey.
|
| 246 |
1 |
|
|a President's veto of act authorizing construction of bridge across Hudson River between New York City and New Jersey
|
| 264 |
|
1 |
|a Washington :
|b [publisher not identified],
|c 1894.
|
| 300 |
|
|
|a 1 online resource.
|
| 336 |
|
|
|a text
|b txt
|2 rdacontent
|
| 337 |
|
|
|a computer
|b c
|2 rdamedia
|
| 338 |
|
|
|a online resource
|b cr
|2 rdacarrier
|
| 490 |
0 |
|
|a H.exdoc.81
|
| 500 |
|
|
|a Record is based on bibliographic data in ProQuest U.S. Serial Set Digital Collection (last viewed Feb. 2007). Reuse except for individual research requires license from ProQuest, LLC.
|
| 510 |
3 |
|
|a ProQuest U.S. Serial Set Digital Collection
|
| 500 |
|
|
|a Electronic resource.
|
| 650 |
|
0 |
|a Bridges.
|
| 651 |
|
0 |
|a Hudson River (N.Y. and N.J.)
|
| 651 |
|
0 |
|a New York (N.Y.)
|
| 655 |
|
7 |
|a Electronic books.
|2 local
|
| 710 |
2 |
|
|a ProQuest (Firm)
|
| 830 |
|
0 |
|a United States congressional serial set.
|
| 856 |
4 |
0 |
|u http://proxy.library.tamu.edu/login?url=http://congressional.proquest.com/congcomp/getdoc?SERIAL-SET-ID=3223+H.exdoc.81
|z Connect to the full text of this electronic book
|t 0
|
| 999 |
|
|
|a MARS
|
| 999 |
f |
f |
|s b976c8ee-b43b-32fa-8647-de74d168919a
|i e1d8e7d8-cd72-3ad5-8282-4982d2292fc9
|t 0
|
| 952 |
f |
f |
|a Texas A&M University
|b College Station
|c Electronic Resources
|d Available Online
|t 0
|e ProQuest Serial Set Number 3223 H.exdoc.81
|h Other scheme
|
| 998 |
f |
f |
|a ProQuest Serial Set Number 3223 H.exdoc.81
|t 0
|l Available Online
|